000 13513cam a2202665 a 4500
999 _c57607
001 7234686
003 LIBRIS
005 20210420132743.0
008 011211s1979 sw ||||j||||||000 1|swe|
020 _a9129539749
_q(inb.)
_c24:50
020 _a9789129539745
_q(inb.)
035 _a(Bo)56695
035 _a(Mo)b1245010
040 _aNB
_ea
041 1 _aswe
_heng
084 _auHe=c
_2kssb/5
084 _aHcf(yb)
_2kssb/6
084 _aHcf
_2kssb/5
084 _aHcf(yb)
_2kssb/6
084 _aHcf(yb)
_2kssb/8
084 _auHce
_2kssb/5
084 _aHcf(yb)
_2kssb/6
084 _aHcf(yb)
_2kssb/6
084 _auHe=c
_2kssb/5
084 _aHcf
_2kssb/6
100 1 _aRey, H. A.
_q(Hans Augusto),
_d1898-1977.
_4aut
240 1 0 _aCurious George
_lSvenska
245 1 0 _aNicke Nyfiken /
_cH. A. Rey ; [övers. av Marianne Lindgren].
250 _a4. uppl.
264 1 _aStockholm :
_bRabén & Sjögren,
_c1979
264 3 _aPortugal
300 _a[40] s.
_bill.
_c26 cm
500 _aÄven med tryckår: 2. tr., 1982 ; 3. tr., 1988 ; 5. tr., 1992 ; 6. tr., 1993 ; 7. tr., 1994 ; 8. tr., 1995 ; 9. tr., 2001 ; 10. tr., 2004 ; 11.-12. tr., 2006 ; 13.tr., 2012 ; 14. tr., 2012
500 _5Bo
_aAnnan upplaga kan finnas vid biblioteket
500 _5Mo
_aOrig:s titel Curious George
500 _5Mo
_aFörsta svenska upplaga
500 _5Mo
_asvenska
650 4 _aBilderböcker
653 _aBarnböcker
653 _aBilderbok
655 7 _aBilderböcker
_0https://id.kb.se/term/barngf/Bilderb%C3%B6cker
_2barngf
655 4 _5Mo
_aBilderbok
700 1 _aLindgren, Marianne,
_cpseud.
_4trl
_0https://libris.kb.se/rp3698v938cs2l0#it
887 _a{"@id":"vc51r4q60shmsgc","modified":"2017-06-13T09:01:24+02:00","checksum":"110033235185"}
_2librisxl
887 _a{"@id":"7ck2ds0d1dnq3z8","modified":"2014-10-09T11:18:42+02:00","checksum":"80007089312"}
_2librisxl
887 _a{"@id":"48hnrh194xzb1f7","modified":"2017-02-16T18:44:56+01:00","checksum":"74061230753"}
_2librisxl
887 _a{"@id":"jnw1nvwp1f0g3qs","modified":"2017-02-02T14:22:06+01:00","checksum":"83651673423"}
_2librisxl
887 _a{"@id":"qv30qn2w4q6dgwd","modified":"2016-01-25T11:20:52+01:00","checksum":"103384832424"}
_2librisxl
887 _a{"@id":"04bzbjs50wbrdzz","modified":"2014-04-01T09:52:52+02:00","checksum":"103946504782"}
_2librisxl
887 _a{"@id":"djrwg29k4x1l5jb","modified":"2017-02-01T12:28:14+01:00","checksum":"73027217357"}
_2librisxl
887 _a{"@id":"tz6cdns012vpx01","modified":"2017-02-11T14:07:40+01:00","checksum":"82038266616"}
_2librisxl
887 _a{"@id":"48hn1rj935l2jvg","modified":"2017-05-17T13:50:41+02:00","checksum":"112602231840"}
_2librisxl
887 _a{"@id":"lqz44jwr2j50nqq","modified":"2017-02-10T14:10:35+01:00","checksum":"86861627977"}
_2librisxl
887 _a{"@id":"hmv11tkn4hfnlvj","modified":"2017-02-09T12:32:52+01:00","checksum":"88793542795"}
_2librisxl
887 _a{"@id":"48hnkns9023fn6f","modified":"2017-02-08T12:44:30+01:00","checksum":"80159608120"}
_2librisxl
887 _a{"@id":"rw326ktx59mv79b","modified":"2013-04-02T13:47:22+02:00","checksum":"86173388709"}
_2librisxl
887 _a{"@id":"kpwcpmzq42cqj6l","modified":"2013-02-14T13:30:37+01:00","checksum":"81044148421"}
_2librisxl
887 _a{"@id":"tz5n0k50223c40d","modified":"2013-02-19T17:34:58+01:00","checksum":"98941450141"}
_2librisxl
887 _a{"@id":"48hm4p993395s0k","modified":"2017-01-27T18:02:39+01:00","checksum":"118593978018"}
_2librisxl
887 _a{"@id":"37fdmr580gljfqc","modified":"2008-09-01T12:55:52+02:00","checksum":"73885821146"}
_2librisxl
887 _a{"@id":"v062ld213d16mh5","modified":"2013-07-01T11:32:51+02:00","checksum":"66094916518"}
_2librisxl
887 _a{"@id":"fksz08fl1kntmtf","modified":"2017-02-11T14:10:53+01:00","checksum":"72156764081"}
_2librisxl
887 _a{"@id":"jnw241lp3jf4tq0","modified":"2017-02-13T18:13:47+01:00","checksum":"85065295477"}
_2librisxl
887 _a{"@id":"26flnfx7536pfqd","modified":"2017-02-13T12:13:32+01:00","checksum":"92178643029"}
_2librisxl
887 _a{"@id":"8dlxcxgf1hbkhz1","modified":"2011-12-19T14:11:07+01:00","checksum":"100417462168"}
_2librisxl
887 _a{"@id":"pt04zthv1gctj1j","modified":"2018-06-05T11:10:28.013+02:00","checksum":"98788623939"}
_2librisxl
887 _a{"@id":"sx4lxvqz1p3g34f","modified":"2013-02-14T14:29:41+01:00","checksum":"98025551749"}
_2librisxl
887 _a{"@id":"48gx84p95q1d5v3","modified":"2015-09-04T18:49:42+02:00","checksum":"88331667026"}
_2librisxl
887 _a{"@id":"qv150vjw1855p04","modified":"2020-12-08T11:20:49.741+01:00","checksum":"105508699314"}
_2librisxl
887 _a{"@id":"hmtbgw4n50c9flx","modified":"2013-05-20T14:17:08+02:00","checksum":"120344634259"}
_2librisxl
887 _a{"@id":"x29f0m333hbj9qm","modified":"2017-02-01T12:46:27+01:00","checksum":"100667975672"}
_2librisxl
887 _a{"@id":"rw261wkx3txsvbz","modified":"2018-06-05T11:10:28.019+02:00","checksum":"94083166199"}
_2librisxl
887 _a{"@id":"chqkjvhj0qtl076","modified":"2015-08-14T12:08:24+02:00","checksum":"107232703648"}
_2librisxl
887 _a{"@id":"rw4900fx4ggp0bz","modified":"2017-02-03T12:06:06+01:00","checksum":"112645148986"}
_2librisxl
887 _a{"@id":"glt00wmm3xc34km","modified":"2017-02-09T14:58:28+01:00","checksum":"82123112568"}
_2librisxl
887 _a{"@id":"4gcgvgmh2c71mqn4","modified":"2020-02-12T13:59:39.723+01:00","checksum":"78105153900"}
_2librisxl
887 _a{"@id":"kpxsng0q0wsrscp","modified":"2015-12-14T16:06:30+01:00","checksum":"131204120476"}
_2librisxl
887 _a{"@id":"6bkp9rdc200tmc7","modified":"2017-02-01T18:25:10+01:00","checksum":"71520787066"}
_2librisxl
887 _a{"@id":"37ffzkj818rxz32","modified":"2015-07-01T16:17:07+02:00","checksum":"97997105163"}
_2librisxl
887 _a{"@id":"15dc99q60csjgwr","modified":"2016-03-03T13:22:45+01:00","checksum":"97665634041"}
_2librisxl
887 _a{"@id":"v05940p109r9s5f","modified":"2018-06-05T11:10:28.022+02:00","checksum":"96671210639"}
_2librisxl
887 _a{"@id":"x29fw5833dffv7b","modified":"2017-01-20T14:22:01+01:00","checksum":"113497703961"}
_2librisxl
887 _a{"@id":"v07ctnz11wk0w8f","modified":"2017-06-14T15:21:01+02:00","checksum":"91186122471"}
_2librisxl
887 _a{"@id":"15bg95v639lwrj4","modified":"2018-06-05T11:10:28.037+02:00","checksum":"103166000000"}
_2librisxl
887 _a{"@id":"8dmj9msf2vnl3jq","modified":"2016-01-25T12:09:02+01:00","checksum":"109711907225"}
_2librisxl
887 _a{"@id":"qv3858gw46tr0ph","modified":"2017-02-08T12:49:04+01:00","checksum":"98666977736"}
_2librisxl
887 _a{"@id":"w16b51q23gb6bfm","modified":"2016-10-18T09:18:49+02:00","checksum":"89010849733"}
_2librisxl
887 _a{"@id":"x27c62r354qrh8m","modified":"2004-03-03T14:42:56+01:00","checksum":"123246089109"}
_2librisxl
887 _a{"@id":"8dl3fx3f0lk121q","modified":"2013-02-21T14:33:50+01:00","checksum":"80950359999"}
_2librisxl
887 _a{"@id":"z38d73s42w57rd8","modified":"2013-09-20T11:03:19+02:00","checksum":"130629542072"}
_2librisxl
887 _a{"@id":"6bkqmm8c5d2p102","modified":"2017-02-08T14:49:58+01:00","checksum":"77794554617"}
_2librisxl
887 _a{"@id":"8dmsvrwf2vg4v1v","modified":"2017-02-13T16:50:06+01:00","checksum":"77733164457"}
_2librisxl
887 _a{"@id":"9fmz9rxg2nl1rwj","modified":"2015-03-06T13:18:21+01:00","checksum":"78261895799"}
_2librisxl
887 _a{"@id":"48gz9zr93lczz2l","modified":"2013-02-20T15:13:33+01:00","checksum":"113511813418"}
_2librisxl
887 _a{"@id":"049f84t506cz2tn","modified":"2011-06-30T11:12:06+02:00","checksum":"108674770218"}
_2librisxl
887 _a{"@id":"w17q4fv25jsr5ld","modified":"2015-06-11T12:08:43+02:00","checksum":"119993236247"}
_2librisxl
887 _a{"@id":"w1831kb2062bb4c","modified":"2015-10-19T12:11:15+02:00","checksum":"115820879005"}
_2librisxl
887 _a{"@id":"pz06d15smv91qmm9","modified":"2018-10-12T15:31:08.575+02:00","checksum":"98114636521"}
_2librisxl
887 _a{"@id":"djrwc3fk0tdtz41","modified":"2017-01-28T12:33:19+01:00","checksum":"79510612064"}
_2librisxl
900 1 k _6700
_d1907-2002,
_d1924-
_uLindgren, Marianne,
_cpseud.
942 _2z
_cBOOK